000
00304nam a2200121 a 4500
005
20141022142002.0
008
120307s19uu xx 00 eng d
050
_a
CD-ROM
_b
K14 200?
100
_a
Karch, Amy M.
245
_a
Focus on nursing pharmacology /
_c
Amy Karch.
260
_c
200?.
942
_c
AVM
999
_c
276355
_d
276355